000 01114nam a2200277Ia 4500
003 OSt
005 20221005105114.0
006 a|||||r|||| 00| 0
007 ta
008 221004b |||||||| |||| 00| 0 hin d
020 _a9789380172651 (pbk)
_cINR 100.00
024 _a37780
037 _b1513, 21/02/2018, Bookwell
_cTextual
040 _aCRL
_cCRL
_bhin
041 _2hin
_ahin
082 _aV2:51wM69, 152Q3
100 _aप्रभात कुमार, ले.
245 0 _aस्वतंत्रता संग्राम और गांधी
246 _aSvatantratā sangrām aur gāandhī
260 _aदिल्ली
_bहिंदी माध्यम कार्यान्वय निदेशालय भारत
_c2013
300 _a196पृ0
_ccm.
650 _a भारतीय स्वतंत्रता सेनानी
_9156352
650 _aमहात्मा गांधी
942 _hV2:51wM69, 152Q3
_cTEXL
_2cc
999 _c1014760
_d1014760